000 00265nam a22001217a 4500
008 171013b xxu||||| |||| 00| 0 eng d
041 _aeng
080 _26TH
_a316
100 _a51
101 _aSOC
245 _aMARRIAGES & FAMILIES
_cOLSON,D.H
942 _2udc
_cBK
999 _c33670
_d33670